000
00291 a2200121 4500
000
nam a22 7a 4500
005
20260204180206.0
100
_a
Keller, Edward A.
_9
1113746
245
_a
Introduction to Environmental Geology
250
_a
5
260
_b
Pearson
_c
2025
942
_c
TEXL
999
_c
1678678
_d
1678678